Resistencia de materiales

Bibliographic Details
Main Author: Stiopin, P.A.
Format: Section = Libro
Language:Undetermined
Spanish
Published: Moscú Mir Moscú 1985
Edition:4a ed.
Subjects:
LEADER 00445nam a2200181Ia 4500
008 240830s9999 xx 000 0 und d
040 |a B-ESTELÍ- RUACS / 620.112 S859 
041 |a spa 
082 |a 620.112 S859 
100 1 |a Stiopin, P.A. 
245 1 0 |a Resistencia de materiales 
250 |a 4a ed. 
260 |a Moscú  |b Mir Moscú  |c 1985 
300 |a 375 P. 
650 7 |a RESISTENCIA MATERIALES 
942 |c BK  |2 ddc 
991 |a TEXTO 
999 |c 11179